Discurso pronunciado por Manuel Silvela, presidente de la Academia Matritense de Jurisprudencia y Legislación en la sesión inaugural del curso de 1879 a 1880 celebrada el 29 de octubre de 1879. (Record no. 165379)

MARC details
000 -LEADER
campo de control de longitud fija 00961nam a2200205 i 4500
001 - NÚMERO DE CONTROL
campo de control 165379
003 - IDENTIFICADOR DE NÚMERO DE CONTROL
campo de control ES-MaACL
005 - FECHA Y HORA DE LA ÚLTIMA TRANSACCIÓN
campo de control 20250921063037.0
008 - DATOS DE LONGITUD FIJA--INFORMACIÓN GENERAL
campo de control de longitud fija 990217s1879 sp |||| | spa d
100 1# - ENTRADA PRINCIPAL--NOMBRE DE PERSONA
Nombre de persona Silvela, Manuel,
Fechas asociadas al nombre 1830-1892
9 (RLIN) 141412
245 10 - MENCIÓN DEL TÍTULO
Título Discurso pronunciado por Manuel Silvela, presidente de la Academia Matritense de Jurisprudencia y Legislación en la sesión inaugural del curso de 1879 a 1880 celebrada el 29 de octubre de 1879.
260 ## - PUBLICACIÓN, DISTRIBUCIÓN, ETC.
Lugar de publicación, distribución, etc. Madrid :
Nombre del editor, distribuidor, etc. Imp. del Ministerio de Gracia y Justicia,
Fecha de publicación, distribución, etc. 1879.
300 ## - DESCRIPCIÓN FÍSICA
Extensión 18 p. ;
Dimensiones 25 cm.
594 ## - Nota al título y mención de responsabilidad
Nota al título y mención de responsabilidad Tema del discurso: La codificación del derecho internacional privado.
650 07 - PUNTO DE ACCESO ADICIONAL DE MATERIA--TÉRMINO DE MATERIA
Término de materia o nombre geográfico como elemento de entrada Derecho internacional privado
Fuente del encabezamiento o término embne
9 (RLIN) 11721
710 2# - ENTRADA AGREGADA--NOMBRE DE ENTIDAD CORPORATIVA
Nombre de entidad corporativa o nombre de jurisdicción como elemento de entrada Academia Matritense de Jurisprudencia y Legislación.
9 (RLIN) 1204
852 ## - LOCALIZACIÓN
Ubicación ES-MaACL
Número de control de estantería Fol-Laf-95
Nota libre . - Legado M. de la Fuente
852 ## - LOCALIZACIÓN
Ubicación ES-MaACL
Número de control de estantería T-318-F-5
Nota libre - Enc. hol.
-- - Enc. en un vol. facticio
Holdings
Estatus retirado Estado de pérdida Estado de daño No para préstamo Colección Biblioteca de origen Biblioteca actual Ubicación en estantería Fecha de adquisición Total de préstamos Signatura topográfica completa Código de barras Visto por última vez Precio de reemplazo Tipo de ítem Koha Fuente de adquisición
        Colección de folletos Biblioteca del Ateneo de Madrid Biblioteca del Ateneo de Madrid Depósito folletos 17/01/2008   T-318-F-5 1173420 23/02/2023 23/02/2023 Folleto  
        Colección de folletos Biblioteca del Ateneo de Madrid Biblioteca del Ateneo de Madrid Depósito folletos 17/01/2008   Fol-Laf-95 1173419 23/02/2023 23/02/2023 Folleto